00882nam a22002177a 45000050016000000100017000160200047000330200047000800350017001270370012001440820015001561000022001712450106001932600051002993000062003505000026004125040074004386500035005126500046005477400071005932011090605195.0 aB-442794-797 a8173050449 (v. 1)c2800.00 (set of 2 vols) a8173050457 (v. 2)c2800.00 (set of 2 vols) aB-442794-797 bRBC/Ven a700.9540141 aShukla, Hira Lal.10aSemiotica Indica :bencyclopaedic dictionary of body-language in Indian art & culture /cH.L. Shukla. aNew Delhi :bAryan Books International,c1994. a2 v. (xxxviii, 683 p.) :bill. (some col.) ;c28 cm. (Hb) aEnglish and Sanskrit. aIncludes bibliographical references (v. 1, prelim. p. 7) and indexes. 0aSemiotics and the artszIndia. 0aSanskrit languagexDictionariesxEnglish.0 aEncyclopaedic dictionary of body-language in Indian art & culture.